| 000 | 01137 a2200217 4500 | ||
|---|---|---|---|
| 001 | 3236 | ||
| 005 | 20260407155426.0 | ||
| 008 | 260407a2007 arg spa d | ||
| 003 | AR-UNSa-BCEJYS | ||
| 040 |
_aAR-UNSa-BCEJYS _bspa _cAR-UNSa-BCEJYS |
||
| 080 |
_a336.226 _xTipos de impuestos. Impuestos directos e indirectos |
||
| 245 | 1 | 0 |
_aManual de valuación impositiva _ptécnicas de valuación en los distintos tributos |
| 020 | _a978-987-1140-62-6 | ||
| 264 | 1 |
_aBuenos Aires : _bOsmar D. Buyatti _c2007 |
|
| 300 |
_a435 p. _c22 cm. |
||
| 505 | _a1. Procedimiento. Actualización impositiva - 2. Impuesto a las ganancias - 3. Venta y reemplazo - 4. Deudores incobrables - 5. Bienes de cambio - 6. Ajuste por inflación en el impuesto a las ganancias - 7. Resolución general DGI 2527 - 8. Costo computable - 9. Impuesto a los bienes personales - 10. Impuesto a la ganancia mínima presunta - 11. Leasing | ||
| 942 | _cBK | ||
| 590 | _aniveau_biblio:m niveau_hierar:0 | ||
| 100 | 1 | _aSpina, Carlos E. | |
| 856 | 4 | 1 |
_uhttps://biblioeco.unsa.edu.ar/pmb/images/libros/Manual de valuacion impositiva-l16420.jpg _yImagen de portada _qimage/jpeg |
| 999 |
_c305 _d305 |
||